Ansiklopedik halk edebiyatı sözlüğü / (Kayıt no. 909)
[ düz görünüm ]
| 000 -BAŞLIK | |
|---|---|
| Sabit Uzunluktaki Kontrol Alanı | 00571nam a22002057a 4500 |
| 001 - KONTROL NUMARASI | |
| Control Dosyası | 00898 |
| 003 - KONTROL NUMARASI KİMLİĞİ | |
| Kontrol Alanı | KOHA_MİRAKIL |
| 005 - EN SON İŞLEM TARİHİ ve ZAMANI | |
| Kontrol Alanı | 20240914231540.0 |
| 008 - SABİT UZUNLUKTAKİ VERİ ÖGELERİ - GENEL BİLGİ | |
| Sabit Alan | 240915b tu ||||| |||| 00| 0 tur d |
| 020 ## - ISBN - ULUSLARARASI STANDART KİTAP NUMARASI | |
| Isbn | 9786054322091 |
| 040 ## - KATALOGLAMA KAYNAĞI | |
| Özgün Kataloglama Kurumu | TR-AnABB |
| Kataloglama Dili | tur |
| Çeviri Kurumu | TR-AnABB |
| 041 ## - DİL KODU | |
| Metin ya da ses kaydının dil kodu | tur |
| 082 ## - DEWEY ONU SINIFLAMA SİSTEMİ | |
| Sınıflama Numarası | 810.03 |
| Cutter numarası | ALB 2010 |
| 100 ## - KİŞİ ADI | |
| Yazar Adı (Kişi adı) | Albayrak, Nurettin |
| 245 #0 - ESER ADI BİLDİRİMİ | |
| Başlık | Ansiklopedik halk edebiyatı sözlüğü / |
| Sorumluluk Bildirimi | Nurettin Albayrak. |
| 260 ## - YAYIN, DAĞITIM, VB. | |
| Yayın Yeri | İstanbul : |
| Yayınevi | Alfa Yayınları, |
| Yayın Tarihi | 2010. |
| 300 ## - FİZİKSEL TANIMLAMA | |
| Sayfa, Cilt vb. | 590 sayfa ; |
| Boyutları | 20 cm. |
| 650 ## - KONU BAŞLIĞI EK GİRİŞ - KONU TERİMİ | |
| Konusal terim veya coğrafi ad | Türk edebiyatı, sözlük |
| 942 ## - EK GİRİŞ ÖGELERİ (KOHA) | |
| Sınıflama Kaynağı | Dewey Decimal Classification |
| Materyal Türü | Kitap |
| Geri Çekilme Durumu | Kayıp Durumu | Sınıflandırma Kaynağı | Kredi için değil | Kalıcı Konum | Mevcut Konum | Kayıt Tarih | Edinim Kaynağı | Toplam Ödünçverme | Yer Numarası | Demirbaş Numarası | Son Görülme Tarihi | Fatura Tarihi | Materyal Türü |
|---|---|---|---|---|---|---|---|---|---|---|---|---|---|
| Dewey Decimal Classification | Büyükşehir Genç Akademi Batıkent | Büyükşehir Genç Akademi Batıkent | 24/12/2025 | 810.03 ALB 2010 | ABB126220 | 24/12/2025 | 24/12/2025 | Kitap | |||||
| Dewey Decimal Classification | YHT Gar Çalışma İstasyonu | YHT Gar Çalışma İstasyonu | 15/09/2024 | 810.03 ALB 2010 | ABB101898 | 14/09/2024 | 14/09/2024 | Kitap |
